<?xml version="1.0" encoding="UTF-8"?><?xml-stylesheet type="text/xsl" href="static/style.xsl"?><OAI-PMH xmlns="http://www.openarchives.org/OAI/2.0/" xmlns:xsi="http://www.w3.org/2001/XMLSchema-instance" xsi:schemaLocation="http://www.openarchives.org/OAI/2.0/ http://www.openarchives.org/OAI/2.0/OAI-PMH.xsd"><responseDate>2026-04-13T04:25:54Z</responseDate><request verb="GetRecord" identifier="oai:www.recercat.cat:10256/20922" metadataPrefix="marc">https://recercat.cat/oai/request</request><GetRecord><record><header><identifier>oai:recercat.cat:10256/20922</identifier><datestamp>2024-06-18T12:18:31Z</datestamp><setSpec>com_2072_452955</setSpec><setSpec>com_2072_2054</setSpec><setSpec>col_2072_453069</setSpec></header><metadata><record xmlns="http://www.loc.gov/MARC21/slim" xmlns:dcterms="http://purl.org/dc/terms/" xmlns:xsi="http://www.w3.org/2001/XMLSchema-instance" xmlns:doc="http://www.lyncode.com/xoai" xsi:schemaLocation="http://www.loc.gov/MARC21/slim http://www.loc.gov/standards/marcxml/schema/MARC21slim.xsd">
   <leader>00925njm 22002777a 4500</leader>
   <datafield ind2=" " ind1=" " tag="042">
      <subfield code="a">dc</subfield>
   </datafield>
   <datafield ind2=" " ind1=" " tag="720">
      <subfield code="a">Julià i Juanola, Adrià</subfield>
      <subfield code="e">author</subfield>
   </datafield>
   <datafield ind2=" " ind1=" " tag="720">
      <subfield code="a">Ruiz Altisent, Marc</subfield>
      <subfield code="e">author</subfield>
   </datafield>
   <datafield ind2=" " ind1=" " tag="720">
      <subfield code="a">Boada, Imma</subfield>
      <subfield code="e">author</subfield>
   </datafield>
   <datafield ind2=" " ind1=" " tag="260">
      <subfield code="c">2022-05-01</subfield>
   </datafield>
   <datafield ind2=" " ind1=" " tag="520">
      <subfield code="a">A method for reconstructing polygonal paths of fibres in reinforced composites imaged using micro-computed tomography is formally described, implemented and tested. The algorithm has been crafted to be explicable, require no training data and behave uniformly in all axes or orientations. It consists of four phases: (1) segmenting fibre regions using a scale-dependent Iterative Difference of Gaussians approach, (2) extracting directionality using the structure tensor minimum eigenvector, (3) automatically placing the seeds near a set of user-defined restricting surfaces, and (4) tracking fibres using a streamline-based integration method. The algorithm cost grows in relation to the target fibre diameter and is proportional to the number of voxels in the input volume. Its behaviour, ability to process very curved fibres, and error have been assessed using both synthetic and real datasets. The C++ implementation is performant and parallelizable, and produces helpful visualisations to gain insight of the intermediate and final results</subfield>
   </datafield>
   <datafield ind2=" " ind1=" " tag="520">
      <subfield code="a">This work has been financially supported by grants from the Spanish Government (Ministerio de Ciencia,&#xd;
Innovacion y Universidades) PID2019-106426RB-C31</subfield>
   </datafield>
   <datafield ind2=" " ind1=" " tag="520">
      <subfield code="a">Open Access funding provided thanks to the CRUE-CSIC agreement with Elsevier</subfield>
   </datafield>
   <datafield ind1="8" ind2=" " tag="024">
      <subfield code="a">http://hdl.handle.net/10256/20922</subfield>
   </datafield>
   <datafield tag="653" ind2=" " ind1=" ">
      <subfield code="a">Algorismes computacionals</subfield>
   </datafield>
   <datafield tag="653" ind2=" " ind1=" ">
      <subfield code="a">Computer algorithms</subfield>
   </datafield>
   <datafield tag="653" ind2=" " ind1=" ">
      <subfield code="a">Imatges -- Processament</subfield>
   </datafield>
   <datafield tag="653" ind2=" " ind1=" ">
      <subfield code="a">Image processing</subfield>
   </datafield>
   <datafield ind2="0" ind1="0" tag="245">
      <subfield code="a">An efficient and uniformly behaving streamline-based μCT fibre tracking algorithm using volume-wise structure tensor and signal processing techniques</subfield>
   </datafield>
</record></metadata></record></GetRecord></OAI-PMH>